Trendy smerovania podnikovej sféry v súvislosti so vstupom do Európskej únie

Stav svetovej globalizácie v ekonomickej oblasti. Štruktúra počtu obyvateľov a HDP vo svete. Rozporuplný demografický vývoj vo svete a na Slovensku. Vývojové procesy v podnikovej sfére, ich zmeny. Pripravenosť podnikov na uvedené zmeny. Bariéry rozvoja podnikania na Slovensku. Silné a slabé strán...

Ausführliche Beschreibung

Gespeichert in:
Bibliographische Detailangaben
1. Verfasser: Hyránek, Eduard, 1955-
Format: Buchkapitel
Sprache:Slowakisch
Schlagworte:
Tags: Tag hinzufügen
Keine Tags, Fügen Sie das erste Tag hinzu!

MARC

LEADER 00000naa$a2200000$$$4500
001 0005883
005 20240502071350.5
041 0 |a slo 
044 |a SK 
245 1 0 |a Trendy smerovania podnikovej sféry v súvislosti so vstupom do Európskej únie  |c aut. Eduard Hyránek 
520 |a Stav svetovej globalizácie v ekonomickej oblasti. Štruktúra počtu obyvateľov a HDP vo svete. Rozporuplný demografický vývoj vo svete a na Slovensku. Vývojové procesy v podnikovej sfére, ich zmeny. Pripravenosť podnikov na uvedené zmeny. Bariéry rozvoja podnikania na Slovensku. Silné a slabé stránky slovenských podnikov. Charakteristika slovenského trhu. 
610 2 0 |a prostredie podnikateľské 
610 2 0 |a globalizácia 
610 2 0 |a hospodárstvo svetové 
610 2 0 |a Slovensko 
610 2 0 |a Európska únia 
610 2 0 |a konkurencia 
100 1 |a Hyránek, Eduard, 1955-